000 01122nac a22002891i 4500
003 EG-ScBUE
005 20250612142111.0
008 250612s2005 nyua f b 001 0 eng d
020 _a0521846358 (hardback)
020 _a9780521846356
035 _a(OCoLC)ocm60454441
040 _aEG-ScBUE
_beng
_erda
_cEG-ScBUE
_dEG-ScBUE
082 0 4 _a536
_bLAU
_222
100 1 _aLaurendeau, Normand M.,
_eauthor.
245 1 0 _aStatistical thermodynamics :
_bfundamentals and applications /
_cNormand M. Laurendeau, Purdue University.
264 1 _aNew York :
_bCambridge University Press,
_c2005
300 _axvi, 448 pages :
_billustrations ;
_c27 cm
336 _2rdacontent
_atext
_btxt
337 _aunmediated
_2rdamedia
_bn
338 _avolume
_bnc
_2rdacarrier
504 _aIncludes bibliographical references and index.
650 7 _aStatistical thermodynamics.
_2BUEsh
655 _vReading book
856 4 1 _3Table of contents only
_uhttp://www.loc.gov/catdir/toc/ecip0513/2005014867.html
856 4 1 _3Publisher description
_uhttp://www.loc.gov/catdir/enhancements/fy0633/2005014867-d.html
942 _cBB
_2ddc
999 _c2230
_d2230